|
|
|
|
| LEADER |
00000naa2a2200000 4500 |
| 001 |
496434 |
| 005 |
20231218104840.0 |
| 035 |
|
|
|a (RuTPU)RU\TPU\prd\166157
|
| 035 |
|
|
|a RU\TPU\prd\166156
|
| 090 |
|
|
|a 496434
|
| 100 |
|
|
|a 20130125a2005 k y0rusy50 ca
|
| 101 |
0 |
|
|a rus
|
| 102 |
|
|
|a RU
|
| 200 |
1 |
|
|a Проблемно-ориентированное обучение: "управление" и "психология"
|f В. В. Ларионов
|
| 320 |
|
|
|a Библиогр.: с. 159 (5 назв.)
|
| 461 |
|
0 |
|0 (RuTPU)RU\TPU\prd\121
|x 0869-3617
|t Высшее образование в России
|o научно-педагогический журнал
|d 1993-
|
| 463 |
|
0 |
|0 (RuTPU)RU\TPU\prd\94599
|t № 7
|v С. 156-159
|d 2005
|
| 610 |
1 |
|
|a труды учёных ТПУ
|
| 700 |
|
1 |
|a Ларионов
|b В. В.
|c физик
|c профессор Томского политехнического университета, доктор педагогических наук
|f 1945-
|g Виталий Васильевич
|3 (RuTPU)RU\TPU\pers\25193
|9 11273
|
| 801 |
|
1 |
|a RU
|b 63413507
|c 20050222
|g PSBO
|
| 801 |
|
2 |
|a RU
|b 63413507
|c 20140718
|g RCR
|
| 942 |
|
|
|c BK
|